|
|
|
|
| LEADER |
00000ny a22000003n 4500 |
| 005 |
20110527132430.0 |
| 008 |
080702s2003 sp s 000 0 spa c |
| 020 |
|
|
|a 84-95665-18-2
|
| 035 |
|
|
|a 711
|
| 040 |
|
|
|a UMA.RE
|d vLex
|
| 080 |
|
|
|a 007:341.234.14(0.034)
|
| 080 |
|
|
|a 341.231.14:007(0.034)
|
| 090 |
|
|
|c 323
|d 323
|
| 245 |
0 |
0 |
|a Nuevas tecnologa̕s de la informacin̤ y derechos humanos
|h [Recurso electrn̤ico]
|c Carlos Villagrasa Alcaide (Coordinador)
|
| 256 |
|
|
|a Servicio en ln̕ea
|
| 260 |
|
|
|a [Barcelona] :
|b Cedecs,
|c 2003
|
| 700 |
1 |
|
|a Villagrasa Alcaide, Carlos,
|e coord
|
| 740 |
0 |
|
|a vLex Libros (Servicios en ln̕ea)
|
| 856 |
4 |
0 |
|z Acceso restringido
|u http://vlex.com/source/nuevas-tecnologias-informacion-derechos-humanos-711
|
| 942 |
|
|
|c BOOK
|
| 999 |
0 |
|
|a Human rights
|b Barcelona
|